| 000 | 00651nam a22002055i 4500 | ||
|---|---|---|---|
| 001 | 157033 | ||
| 003 | ES-MaACL | ||
| 005 | 20250809040934.0 | ||
| 008 | 981116s1886 it |||| | ita d | ||
| 040 |
_aCCPB | B _bspa _cCCPB | B |
||
| 100 | 1 |
_aLanza, Pietro. _9128679 |
|
| 245 | 1 | 3 |
_aLa Giuria e il giudizio penale davanti la corte d´assise / _cPietro Lanza. |
| 260 |
_aPisa : _bNella Tipografia Vannucchi, _c1886. |
||
| 300 |
_a685 p. ; _c23 cm. |
||
| 504 | _aBibliografĂa: p. 5-12. | ||
| 650 | 7 |
_aDerecho procesal- _zItalia _2 _9135901 |
|
| 752 |
_aItalia - _dPisa |
||
| 852 |
_aES-MaACL _jF-9453 _z-- Enc. pasta |
||
| 999 |
_c157033 _d157033 |
||